000 00601nam a2200241 a 4500
001 nice12345678
003 IN_TiNIC
005 20260116011613.0
008 050524s1914 dela grp 000 0 ara
020 _a
_c100
082 0 0 _a297.124
_bTON
100 _aTonki, Mohammad Abdullah
245 _aKitab Nazhat Un-Nazar-Fi-Tawdih Nakhbat Ul-Fikr.
260 _aDelhi
_bMujtabai Press
_c1914
300 _a121p.
500 _aincludes index and biblioraphy
505 2 _aIndex
650 _aHadith
700 1 _aTonki, Mohammad Abdullah
902 _bRBA
942 _cBK
999 _c2841
_d2841